| 000 | 00707nam a2200229 a 4500 | ||
|---|---|---|---|
| 008 | |||
| 020 | _a0751738182 (pbk. ) | ||
| 049 | _aMAIN | ||
| 090 | _aHF5657.4 CHA | ||
| 100 | 1 | _aChartered Institute of Management Accountants. | |
| 245 | 1 | 0 |
_aManagement accounting : _bbusiness strategy. _nfinal paper 12 / _cCIMA. |
| 250 | _a2nd ed. | ||
| 260 |
_aLondon : _bBPP, _c2002 |
||
| 300 |
_axxvii, 267 p . _bill. ; _c29 cm. |
||
| 650 |
_aChartered Institute of Management Accountants _xExam |
||
| 650 | 1 | _aManagement Accounting | |
| 907 |
_a.b10233593 _b07-05-07 _c20-02-07 |
||
| 003 | |||
| 005 | 20230123134406.0 | ||
| 040 | _cNUST | ||
| 942 |
_cBOOKS _kHF5657.4 CHA |
||
| 999 |
_c165102 _d165102 |
||